书目信息 |
| 题名: |
世界名水
|
|
| 作者: | 李军 编著 | |
| 分册: | ||
| 出版信息: | 长春 长春出版社 2000 |
|
| 页数: | 330页 | |
| 开本: | 32开 | |
| 丛书名: | 走遍世界 | |
| 单 册: | ||
| 中图分类: | K918.4 | |
| 科图分类: | ||
| 主题词: | 水(地理)--简介 | |
| 电子资源: | ||
| ISBN: | 7-80604-325-X | |
| 000 | 00682nam0 2200241 45 | |
| 001 | 0112181432 | |
| 005 | 20031219104051.9 | |
| 010 | @a7-80604-325-X@dCNY12.80 | |
| 100 | @a20011218d2000 km y0chiy0120 ea | |
| 101 | 0 | @achi |
| 105 | @a z 000yy | |
| 200 | 1 | @a世界名水@AShi Jie Ming Shui@f李军,李晓萍编著@FLi Jun,Li Xiao Ping Bian Zhu |
| 205 | @a2版 | |
| 210 | @a长春@c长春出版社@d2000 | |
| 215 | @a330页@d32开 | |
| 225 | @a走遍世界@f付景川主编 | |
| 410 | @12001 @a走遍世界 | |
| 410 | @1700 0@a付景川@AFu Jing Chuan@4主编 | |
| 606 | 0 | @a水(地理)@x简介 |
| 690 | @aK918.4@v4 | |
| 701 | @a李军@4编著 | |
| 801 | @aCN@bTSTC@c20011218 | |
| 905 | @f5@b301660-664@dK918.4@e89 | |
| 世界名水/李军,李晓萍编著.-2版.-长春:长春出版社,2000 |
| 330页;32开.-(走遍世界/付景川主编) |
| ISBN 7-80604-325-X:CNY12.80 |
| ● |
| 相关链接 |
|
|
|
|
正题名:世界名水
索取号:K918.4/89
 
预约/预借
| 序号 | 登录号 | 条形码 | 馆藏地/架位号 | 状态 | 备注 |
| 1 | 0301660 | 203016609 | 第二借阅区/ [索取号:K918.4/89] | 在馆 | |
| 2 | 0301661 | 203016618 | 第二借阅区/ [索取号:K918.4/89] | 在馆 | |
| 3 | 0301662 | 203016627 | 第二借阅区/ [索取号:K918.4/89] | 在馆 | |
| 4 | 0301663 | 203016636 | 第二借阅区/ [索取号:K918.4/89] | 在馆 | |
| 5 | 0301664 | 203016645 | 第二样本阅览室/ [索取号:K918.4/89] | 在馆 |